[Event "Tourn. n10220"]
[Site "www.echecsemail.com"]
[Date "2019.10.06"]
[Round "1"]
[White "Kevinking"]
[Black "Libiesse"]
[WhiteElo "2010"]
[BlackElo "1950"]
[Result "1-0"]
[Round "1"]
1.c4 b6
2.Nb1c3 Bc8b7
3.e4 e5
4.Ng1f3 Ng8f6
5.d3 Nb8c6
6.Bf1e2 g6
7.O-O Bf8g7
8.Bc1e3 O-O
9.Qd1d2 Qd8e7
10.h3 Rf8d8
11.Be3h6 Nf6h5
12.Nc3d5 Qe7e6
13.Nd5xc7 { resign }
1-0

[Event "Match"]
[Site "www.echecsemail.com"]
[Date "2019.10.06"]
[Round "1"]
[White "Apdash"]
[Black "Bojan"]
[WhiteElo "2240"]
[BlackElo "2020"]
[Result "1-0"]
[Round "1"]
1.e4 e5
2.Ng1f3 d6
3.d4 exd4
4.Nf3xd4 a6
5.Nb1c3 Bf8e7
6.Bf1c4 Be7f6
7.O-O Ng8e7
8.f4 g6
9.Bc1e3 Nb8c6
10.Nc3d5 Nc6xd4
11.Nd5xf6 Kf8
12.Be3xd4 Ne7c6
13.Bd4c3 Rh8g8
14.Nf6xh7 Ke8
15.f5 g5
16.Qd1h5 Qd8d7
17.Nh7f6 Kd8
18.Nf6xd7 Bc8xd7
19.Bc4xf7 Bd7e8
20.Bc3f6 Nc6e7
21.Bf7xe8 Rg8xe8
22.Bf6xe7 Re8xe7
23.Qh5xg5 Kd7
24.f6 Re7f7
25.e5 dxe5
26.Qg5f5 { resign }
1-0

[Event "Match"]
[Site "www.echecsemail.com"]
[Date "2019.10.06"]
[Round "1"]
[White "Apdash"]
[Black "Cal"]
[WhiteElo "2180"]
[BlackElo "1870"]
[Result "1-0"]
[Round "1"]
1.d4 d5
2.Ng1f3 h6
3.c4 dxc4
4.Nb1c3 e6
5.e4 Ng8f6
6.Bf1xc4 Bc8d7
7.O-O a6
8.Rf1e1 Nb8c6
9.Bc1f4 Bf8b4
10.d5 exd5
11.exd5 Nc6e7
12.Qd1b3 O-O
13.a3 Bb4xc3
14.bxc3 b5
15.Bc4f1 Ne7xd5
16.Bf4e5 c6
17.c4 Nd5e7
18.Be5xf6 gxf6
19.Ra1d1 bxc4
20.Bf1xc4 Ra8b8
21.Qb3e3 Ne7f5
22.Qe3f4 Kh7
23.Bc4d3 Qd8c8
24.Nf3h4 Rb8b3
25.Bd3xf5 Bd7xf5
26.Nh4xf5 Rf8h8
27.Qf4xh6 Kg8
28.Qh6g7 { resign }
1-0

[Event "Tourn. n10170"]
[Site "www.echecsemail.com"]
[Date "2019.10.06"]
[Round "1"]
[White "Darko10"]
[Black "Jerome"]
[WhiteElo "2880"]
[BlackElo "2420"]
[Result "1-0"]
[Round "1"]
1.c4 Ng8f6
2.Nb1c3 g6
3.e4 d6
4.d4 Bf8g7
5.Bf1e2 O-O
6.Ng1f3 e5
7.O-O Nb8c6
8.d5 Nc6e7
9.Nf3e1 Nf6d7
10.f3 f5
11.Bc1e3 f4
12.Be3f2 g5
13.Ra1c1 Rf8f6
14.Ne1d3 Rf6h6
15.c5 a6
16.Qd1b3 Qd8e8
17.Rf1d1 Nd7f6
18.h3 Qe8h5
19.Kf1 Ne7g6
20.Ke1 Ng6h4
21.Be2f1 Bc8xh3
22.Qb3xb7 Nh4xg2
23.Bf1xg2 Bh3xg2
24.Qb7xa8 Bg7f8
25.Kd2 Bg2xf3
26.Rd1e1 Qh5g6
27.Qa8c8 Rh6h2
28.Rc1c2 Nf6xe4
29.Kc1 Ne4xf2
30.Rc2xf2 Rh2xf2
31.Nd3xf2 g4
32.Re1g1 g3
33.c6 e4
34.Qc8e6 { resign }
1-0

[Event "Tourn. n10202"]
[Site "www.echecsemail.com"]
[Date "2019.10.06"]
[Round "1"]
[White "Galiany17"]
[Black "Sbb"]
[WhiteElo "2410"]
[BlackElo "2780"]
[Result "1/2-1/2"]
[Round "1"]
1.d4 Ng8f6
2.c4 e6
3.Nb1c3 Bf8b4
4.e3 O-O
5.Bc1d2 c5
6.a3 Bb4xc3
7.Bd2xc3 Nf6e4
8.Ra1c1 d6
9.Bf1d3 Ne4xc3
10.Rc1xc3 e5
11.Ng1e2 exd4
12.exd4 Rf8e8
13.O-O Nb8c6
14.dxc5 dxc5
15.Ne2f4 Kf8
16.Rf1e1 Re8xe1
17.Qd1xe1 Nc6d4
18.Qe1e5 Qd8e7
19.Qe5xe7 Kxe7
20.b4 b6
21.Rc3c1 Bc8e6
22.Rc1e1 Ra8c8
23.f3 h6
24.Kf2 g5
25.Nf4xe6 Nd4xe6
26.g3 Kd6
27.h4 gxh4
28.gxh4 Ke7
{ draw }
1/2-1/2

[Event "Match"]
[Site "www.echecsemail.com"]
[Date "2019.10.06"]
[Round "1"]
[White "Logout"]
[Black "Whitekknight"]
[WhiteElo "2070"]
[BlackElo "1920"]
[Result "1-0"]
[Round "1"]
1.e4 e5
2.Ng1f3 Nb8c6
3.d4 exd4
4.Bf1c4 h6
5.Nf3xd4 Nc6xd4
6.Qd1xd4 Qd8e7
7.O-O d6
8.Rf1e1 Ng8f6
9.Nb1c3 Bc8e6
10.Bc1d2 Qe7d7
11.Bc4xe6 fxe6
12.e5 Nf6h7
13.exd6 cxd6
14.Qd4d5 O-O-O
15.Qd5xe6 Qd7xe6
16.Re1xe6 Nh7f6
17.Nc3e4 Nf6xe4
18.Re6xe4 d5
19.Re4d4 Bf8c5
20.Rd4d3 Bc5d6
21.g3 Rh8e8
22.Rd3xd5 Kc7
23.Bd2e3 b6
24.Ra1d1 g5
25.Kg2 Re8e6
26.Rd1d3 Rd8d7
27.h4 Kc6
28.hxg5 hxg5
29.Be3xg5 Re6e2
30.Rd3d2 Re2xd2
31.Rd5xd2 Kc7
32.f4 Rd7g7
33.Bg5f6 Rg7g6
34.Bf6e5 Bd6xe5
35.fxe5 Rg6e6
36.Rd2e2 Kc6
37.Kf3 Kd5
38.Kf4 Re6g6
39.g4 Ke6
40.g5 a5
41.a4 Kd5
42.Kf5 Rg6g8
43.g6 Rg8f8
44.Kg5 Ke6
45.g7 Rf8g8
46.Kg6 Ke7
47.e6 Rg8d8
48.Kh7 { resign }
1-0

[Event "Match"]
[Site "www.echecsemail.com"]
[Date "2019.10.06"]
[Round "1"]
[White "Rcdamaceanu"]
[Black "Cal"]
[WhiteElo "1499"]
[BlackElo "1690"]
[Result "1-0"]
[Round "1"]
1.d4 d5
2.Ng1f3 h6
3.Bc1f4 Ng8f6
4.Nb1d2 Nb8c6
5.e3 a6
6.c4 e6
7.Bf1d3 Bf8b4
8.Ra1c1 b6
9.cxd5 exd5
10.Rc1xc6 Bc8d7
11.Rc6c1 c5
12.Nf3e5 c4
13.Bd3e2 Bd7f5
14.Ne5c6 Bb4xd2
15.Kxd2 Qd8d7
16.Nc6b8 Qd7b5
17.Ke1 O-O
18.Kf1 Nf6e4
19.h4 Ra8a7
20.g4 Bf5h7
21.Rc1c2 Ra7b7
22.f3 Ne4g3
23.Bf4xg3 Bh7xc2
24.Qd1xc2 a5
25.Kg2 Rf8d8
26.Qc2f5 Qb5xb2
27.Kf2 c3
28.Qf5b1 Qb2d2
29.Qb1d3 Qd2xa2
30.Nb8c6 Rd8e8
31.Qd3xc3 b5
32.Rh1e1 Rb7c7
33.Bg3xc7 b4
34.Qc3a1 Qa2c2
35.Qa1xa5 Qc2xc6
36.Be2b5 Qc6a8
37.Qa5xa8 Re8xa8
38.Bc7g3 Ra8a2
39.Re1e2 b3
40.Bb5d3 g6
41.Bg3d6 f6
42.Bd3xg6 Kg7
43.Bg6b1 Ra2xe2
44.Kxe2 h5
45.Bd6f4 b2
46.Kd3 Kg6
47.Bf4g3 Kh6
48.Kc2 hxg4
49.fxg4 f5
50.gxf5 { resign }
1-0

[Event "Tourn. n10207"]
[Site "www.echecsemail.com"]
[Date "2019.10.06"]
[Round "1"]
[White "Pipas"]
[Black "Iko"]
[WhiteElo "2069"]
[BlackElo "1800"]
[Result "1-0"]
[Round "1"]
1.e4 e5
2.Bf1c4 Ng8f6
3.Nb1c3 Bf8b4
4.Qd1f3 Bb4xc3
5.Qf3xc3 Nf6xe4
6.Qc3xe5 Qd8e7
7.Qe5xe7 Kxe7
8.Ng1e2 Rh8e8
9.Ne2d4 Kf8
10.O-O Re8e5
11.d3 Ne4c5
12.Bc1f4 Re5h5
13.Bf4xc7 Rh5h4
14.Bc7d6 Kg8
15.Bd6xc5 b6
16.Nd4f5 Rh4h5
17.Nf5e7 Kf8
18.Ne7xc8 Kg8
19.Ra1e1 bxc5
20.Re1e8 
1-0

[Event "Tourn. n10217"]
[Site "www.echecsemail.com"]
[Date "2019.10.06"]
[Round "1"]
[White "Roko123"]
[Black "Fereike"]
[WhiteElo "1499"]
[BlackElo "1540"]
[Result "0-1"]
[Round "1"]
1.e4 e6
2.d4 d5
3.Nb1d2 c5
4.exd5 Qd8xd5
5.Ng1f3 cxd4
6.Bf1c4 Qd5d8
7.Nd2b3 Nb8c6
 { time }
0-1

[Event "Tourn. n10218"]
[Site "www.echecsemail.com"]
[Date "2019.10.06"]
[Round "1"]
[White "Roma753"]
[Black "Jjmcbride"]
[WhiteElo "1709"]
[BlackElo "1740"]
[Result "1-0"]
[Round "1"]
1.d4 d5
2.Bc1f4 e6
3.Ng1f3 f6
4.e3 Nb8d7
5.Nb1d2 c5
6.c3 c4
7.b3 b5
8.a4 b4
9.cxb4 Bf8xb4
10.bxc4  { time }
1-0

[Event "Match"]
[Site "www.echecsemail.com"]
[Date "2019.10.06"]
[Round "1"]
[White "Chessrookstw"]
[Black "Roko123"]
[WhiteElo "1499"]
[BlackElo "1499"]
[Result "0-1"]
[Round "1"]
1.e4 e5
2.Ng1f3 Nb8c6
3.Bf1b5 a6
4.Bb5a4 Ng8f6
5.d3 b5
6.Ba4b3 Bf8e7
7.O-O O-O
8.Nb1c3 d6
 { time }
0-1

[Event "Tourn. n10212"]
[Site "www.echecsemail.com"]
[Date "2019.10.07"]
[Round "1"]
[White "Coolant"]
[Black "Reignblowcan"]
[WhiteElo "2370"]
[BlackElo "2640"]
[Result "0-1"]
[Round "1"]
1.b4 Ng8f6
2.Bc1b2 d5
3.e3 Bc8f5
4.Ng1f3 e6
5.a3 c5
6.b5 Bf8d6
7.c4 Nb8d7
8.a4 O-O
9.Nb1c3 h6
10.cxd5 exd5
11.d4 c4
12.Bb2a3 Bd6xa3
13.Ra1xa3 a6
14.Bf1e2 Nf6e4
15.Nc3xe4 dxe4
16.Be2xc4 exf3
17.Qd1xf3 Qd8a5
18.Ke2 Bf5g6
19.Qf3xb7 Nd7b6
20.Bc4d3 Ra8b8
21.Qb7xa6 Qa5b4
22.Rh1a1 Qb4b2
23.Kf3 Bg6xd3
24.Ra1a2 Bd3e2
25.Kg3 Qb2b4
26.Qa6a7 Qb4d6
27.f4 Be2c4
28.Ra2a1 Rb8a8
{ resign }
0-1

[Event "Tourn. n10205"]
[Site "www.echecsemail.com"]
[Date "2019.10.07"]
[Round "1"]
[White "Rons"]
[Black "D4minance"]
[WhiteElo "2640"]
[BlackElo "2860"]
[Result "0-1"]
[Round "1"]
1.e4 c5
2.Ng1f3 d6
3.d4 cxd4
4.Nf3xd4 Ng8f6
5.Nb1c3 a6
6.Bc1g5 e6
7.f4 h6
8.Bg5h4 Qd8b6
9.a3 Bf8e7
10.Bh4f2 Qb6c7
11.Qd1f3 Nb8d7
12.O-O-O b5
13.g4 Bc8b7
14.Bf1g2 g5
15.h4 gxf4
16.g5 Nd7e5
17.Qf3xf4 hxg5
18.hxg5 Rh8xh1
19.Rd1xh1 Nf6d7
20.Bg2h3 Nd7f8
21.Qf4g3 Ra8c8
22.Kb1 Qc7a5
23.Bh3f1 Rc8xc3
24.Qg3xc3 Qa5xc3
25.bxc3 Ne5c4
26.Bf1xc4 bxc4
27.Rh1e1 Be7xg5
28.Nd4f3 Bg5h6
29.Nf3h2 e5
30.Kb2 Nf8h7
31.Bf2h4 Kd7
32.Nh2f1 Bh6f4
33.a4 Ke6
34.Ka3 Nh7g5
35.Bh4xg5 Bf4xg5
36.Kb4 Bg5e7
37.Ka5 Be7d8
38.Kb4 Bb7c6
39.Nf1d2 d5
40.exd5 Bc6xd5
41.Nd2e4 Bd5xe4
42.Re1xe4 f5
43.Re4xc4 Bd8e7
44.Kb3 f4
45.Rc4c6 Kd5
46.Rc6c7 Kd6
47.Rc7b7 e4
48.Kc4 Be7f6
49.Rb7b1 f3
50.Rb1h1 Ke5
51.Rh1h5 Kf4
52.Rh5h6 Bf6g5
53.Rh6h8 f2
54.Rh8f8 Kg3
55.Kd4 Bg5f4
56.Kxe4 f1Q
57.Rf8g8 Kh4
{ resign }
0-1

[Event "Match"]
[Site "www.echecsemail.com"]
[Date "2019.10.07"]
[Round "1"]
[White "Tbsundar"]
[Black "Geodad5"]
[WhiteElo "2200"]
[BlackElo "2170"]
[Result "1-0"]
[Round "1"]
1.d4 d5
2.e3 Ng8f6
3.Ng1f3 e6
4.Nb1d2 Bf8e7
5.c4 O-O
6.Bf1d3 c5
7.O-O Nb8c6
8.a3 dxc4
9.Nd2xc4 cxd4
10.exd4 Bc8d7
11.Bc1g5 h6
12.Bg5f4 Nf6d5
13.Bf4d2 Ra8c8
14.b4 a6
15.Qd1e2 f5
16.Nc4e5 Rf8f6
17.Ne5xc6 Bd7xc6
18.Ra1c1 Be7d6
19.Nf3e5 Bd6xe5
20.dxe5 Rf6f7
21.Rf1d1 g5
22.Qe2h5 Kg7
23.h4 Nd5f4
24.Bd2xf4 gxf4
25.Bd3xf5 Qd8xd1
26.Qh5xd1 Rf7xf5
27.Qd1d6 Kf7
28.f3 Rf5h5
29.Kf2 Rh5xh4
30.a4 Rc8e8
31.b5 axb5
32.a5 Re8a8
33.Rc1c3 Ra8xa5
34.Qd6c7 { resign }
1-0

[Event "Tourn. n10191"]
[Site "www.echecsemail.com"]
[Date "2019.10.07"]
[Round "1"]
[White "Chessdna"]
[Black "Ditto"]
[WhiteElo "1600"]
[BlackElo "1830"]
[Result "0-1"]
[Round "1"]
1.e4 e5
2.Ng1f3 Nb8c6
3.Bf1b5 Bf8c5
4.Bb5xc6 bxc6
5.Nf3xe5 Qd8f6
6.Ne5g4 Qf6h4
7.O-O d6
8.d4 Bc5b6
9.f3 Ng8e7
10.Ng4f2 Qh4f6
11.c3 O-O
12.Bc1e3 Ne7g6
13.Nf2g4 Qf6d8
14.Nb1d2 Bc8b7
15.g3 Rf8e8
16.h4 Bb7c8
17.Qd1e2 Bc8e6
18.Rf1f2 Ra8b8
19.Rf2h2 Bb6a5
20.b4 { time. }
0-1

[Event "Match"]
[Site "www.echecsemail.com"]
[Date "2019.10.07"]
[Round "1"]
[White "Roko123"]
[Black "Dvdheever"]
[WhiteElo "1499"]
[BlackElo "1599"]
[Result "0-1"]
[Round "1"]
1.e4 Nb8c6
2.d4 e5
3.d5 Nc6a5
4.Ng1f3 d6
5.b4 c6
6.bxa5 Qd8xa5
7.Qd1d2 Qa5b6
8.Nb1c3 Ng8f6
 { time }
0-1

[Event "Tourn. n10159"]
[Site "www.echecsemail.com"]
[Date "2019.10.07"]
[Round "1"]
[White "Pdebonis"]
[Black "Aperturaf"]
[WhiteElo "2730"]
[BlackElo "2710"]
[Result "1/2-1/2"]
[Round "1"]
1.e4 e6
2.d4 d5
3.Nb1d2 c5
4.Ng1f3 Ng8f6
5.e5 Nf6e4
6.Bf1d3 Ne4xd2
7.Bc1xd2 Qd8b6
8.dxc5 Bf8xc5
9.O-O Bc5e7
10.c4 Nb8c6
11.Ra1c1 a5
12.cxd5 exd5
13.Qd1c2 Qb6d8
14.Bd3b5 Bc8d7
15.Qc2d3 O-O
16.Rf1d1 Ra8c8
17.Qd3xd5 Bd7e6
18.Qd5e4 Qd8d5
19.Qe4xd5 Be6xd5
20.Bb5xc6 Rc8xc6
21.Bd2xa5 Bd5xa2
22.Rc1xc6 bxc6
23.Rd1d7 Rf8e8
24.Nf3d4 Ba2d5
25.Rd7c7 h5
26.h3 Re8a8
27.Rc7xe7 Ra8xa5
28.Re7c7 Kh7
29.b4 Ra5a4
30.Nd4xc6 Bd5xc6
31.Rc7xc6 Ra4xb4
32.Rc6c7 Kg8
33.g3 { draw }
1/2-1/2

[Event "Tourn. n10217"]
[Site "www.echecsemail.com"]
[Date "2019.10.07"]
[Round "1"]
[White "Mapudungo"]
[Black "Fereike"]
[WhiteElo "1499"]
[BlackElo "1540"]
[Result "1-0"]
[Round "1"]
1.e4 Ng8f6
2.e5 Nf6d5
3.d4 d6
4.c4 Nd5b6
5.Ng1f3 Bc8g4
6.exd6 cxd6
7.Bc1e3 Bg4xf3
8.Qd1xf3 Nb8c6
9.Nb1c3 e6
10.d5 exd5
11.cxd5 Nc6e5
12.Qf3g3 Ra8c8
13.Bf1b5 Nb6d7
14.Be3xa7 Qd8a5
15.Ba7d4 Qa5b4
16.Bd4xe5 dxe5
17.O-O f6
18.Qg3h3 Rc8c7
19.Ra1d1 Rc7xc3
20.Qh3xd7 
1-0

[Event "Match"]
[Site "www.echecsemail.com"]
[Date "2019.10.07"]
[Round "1"]
[White "Krystek23"]
[Black "Joseph1983"]
[WhiteElo "2540"]
[BlackElo "2260"]
[Result "0-1"]
[Round "1"]
1.c4 e6
2.Nb1c3 d5
3.d4 Ng8f6
4.e3 c5
5.Ng1f3 Nb8c6
6.a3 cxd4
7.Nf3xd4 e5
8.Nd4xc6 bxc6
9.Bf1e2 d4
10.exd4 exd4
11.Nc3a4 c5
12.O-O Bc8e6
13.Be2f3 Ra8c8
14.Rf1e1 Bf8e7
15.Bc1f4 Qd8d7
16.b3 O-O
17.Bf4e5 Be6f5
18.h3 Rf8e8
19.g4 Bf5g6
20.g5 Nf6e4
21.Bf3xe4 Bg6xe4
22.Re1xe4 Be7d6
23.Qd1e2 Qd7f5
24.Ra1e1 d3
25.Qe2e3 d2
26.Re1d1 Re8xe5
27.f3 Qf5xh3
28.Rd1xd2 Qh3g3
29.Rd2g2 Re5xe4
30.Rg2xg3 Re4xe3
31.Rg3g2 Re3xb3
32.Rg2d2 Rb3xa3
33.Na4b2 Bd6f4
34.Rd2g2 Ra3a1
35.Kf2 Ra1a2
36.Kf1 Rc8b8
37.Nb2d3 Rb8b1
38.Nd3e1 Ra2xg2
39.Kxg2 Rb1xe1
40.Kh3 Re1g1
41.Kh4 a5
42.g6 hxg6
{ resign }
0-1

[Event "1/16 Finale"]
[Site "www.chess-mail.com"]
[Date "2019.10.07"]
[Round "1"]
[White "Leonger"]
[Black "Asoka"]
[WhiteElo "2150"]
[BlackElo "2760"]
[Result "0-1"]
[Round "1"]
1.d4 d5
2.c4 e6
3.Ng1f3 Ng8f6
4.e3 Bf8e7
5.Nb1c3 O-O
6.Bf1d3 dxc4
7.Bd3xc4 a6
8.a4 c5
9.O-O Nb8c6
10.dxc5 Be7xc5
11.Qd1e2 Qd8c7
 { time }
0-1

[Event "Match"]
[Site "www.echecsemail.com"]
[Date "2019.10.08"]
[Round "1"]
[White "Andychesston"]
[Black "Picifarkinca"]
[WhiteElo "1930"]
[BlackElo "1570"]
[Result "0-1"]
[Round "1"]
1.e4 c5
2.Ng1f3 Nb8c6
3.d4 cxd4
4.Nf3xd4 e5
5.Nd4f5 d5
6.Bf1b5 Bc8xf5
7.exd5 Qd8a5
8.Nb1c3 O-O-O
9.O-O Nc6d4
10.Bb5d3 Ng8f6
11.Bd3xf5 Nd4xf5
12.Bc1g5 Bf8e7
13.Qd1f3 Nf5d6
14.b4 Qa5xb4
15.Ra1b1 Qb4a5
16.Rb1b3 Rh8e8
17.Rf1b1 Qa5c5
18.Nc3b5 Qc5xd5
19.Nb5xd6 Rd8xd6
20.Rb3xb7 Qd5xf3
21.gxf3 Rd6d1
22.Rb1xd1 Kxb7
23.Rd1b1 Kc7
24.Rb1b5 Nf6d7
25.Bg5e3 f6
26.Be3xa7 Re8a8
27.Rb5a5 Kb7
{ resign }
0-1

[Event "Tourn. n10172"]
[Site "www.echecsemail.com"]
[Date "2019.10.09"]
[Round "1"]
[White "Liencam2"]
[Black "Hundegana"]
[WhiteElo "2230"]
[BlackElo "2020"]
[Result "1-0"]
[Round "1"]
1.e4 c5
2.Nb1c3 e6
3.Ng1f3 Nb8c6
4.d4 cxd4
5.Nf3xd4 Nc6xd4
6.Qd1xd4 a6
7.Bf1e2 Qd8c7
8.O-O Ng8f6
9.Kh1 Bf8c5
10.Qd4d3 O-O
11.f4 b5
12.a3 Bc8b7
13.Be2f3 Ra8d8
14.Bc1e3 Bc5xe3
15.Qd3xe3 d5
16.exd5 exd5
17.Ra1d1 Rf8e8
18.Qe3d4 Qc7c4
19.h3 Qc4xd4
20.Rd1xd4 Re8e6
21.Rf1d1 Re6d6
22.Nc3e4 Nf6xe4
23.Bf3xe4 g6
24.b3 Kg7
25.c4 bxc4
26.bxc4 f5
27.Be4xd5 Bb7xd5
28.cxd5 Rd8e8
29.Kg1 Re8e3
30.Rd1d3 Re3xd3
31.Rd4xd3 Kf6
32.Kf2 h6
33.Ke3 g5
34.g3 h5
35.fxg5 Kxg5
36.Kd4 f4
37.Ke5 Rd6f6
38.gxf4 Kg6
39.d6 Rf6f5
40.Ke6 Rf5xf4
41.d7 Rf4f6
42.Ke5 Rf6f5
43.Ke4 Rf5f1
44.d8Q Rf1e1
45.Kf3 Re1f1
46.Ke2 Rf1f6
47.Rd3g3 Kf5
48.Qd8d5 Kf4
49.Qd5g5 Ke4
50.Qg5xf6 h4
51.Rg3g4 Kd5
52.Rg4xh4 a5
53.Qf6f5 Kc6
54.Qf5xa5 Kd6
55.Rh4g4 Ke6
56.Qa5b5 Kf6
57.a4 Ke6
58.a5 Kf6
59.a6 Ke6
60.a7 Kf6
61.a8R Kf7
62.h4 Kf6
63.h5 Kf7
64.h6 Kf6
65.h7 Kf7
66.h8R Kf6
67.Qb5f5 Ke7
68.Rg4g7 Kd6
69.Ra8a6 { resign }
1-0

[Event "Tourn. n10197"]
[Site "www.echecsemail.com"]
[Date "2019.10.09"]
[Round "1"]
[White "Osopanda"]
[Black "Fereike"]
[WhiteElo "1590"]
[BlackElo "1520"]
[Result "1-0"]
[Round "1"]
1.e4 e5
2.Ng1f3 Nb8c6
3.Bf1c4 Ng8f6
4.Nb1c3 Nf6xe4
5.Qd1e2 Ne4xc3
6.bxc3 d6
7.d4 d5
8.Bc4b5 e4
9.Nf3d2 Bf8e7
10.O-O Bc8d7
11.Bc1b2 O-O
12.c4 f5
13.cxd5 Nc6xd4
14.Bb2xd4 Be7f6
15.Bd4xf6 Rf8xf6
16.Bb5xd7 Qd8xd7
17.c4 { resign }
1-0

[Event "Tourn. n10185"]
[Site "www.echecsemail.com"]
[Date "2019.10.09"]
[Round "1"]
[White "Jerome"]
[Black "D4minance"]
[WhiteElo "2430"]
[BlackElo "2840"]
[Result "1-0"]
[Round "1"]
1.e4 c5
2.Ng1f3 e6
3.d4 cxd4
4.Nf3xd4 Ng8f6
5.Nb1c3 d6
6.g4 h6
7.Rh1g1 e5
8.Nd4b3 Bc8e6
9.Qd1f3 Qd8d7
10.Bf1b5 Nb8c6
11.Nc3d5 Ra8c8
12.c3 Nf6xg4
13.h3 Ng4f6
14.Nd5xf6 gxf6
15.Qf3xf6 Rh8h7
16.f4 a6
17.Bb5e2 exf4
18.Qf6xf4 Rh7g7
19.Rg1xg7 Bf8xg7
20.Bc1e3 Nc6e5
21.Nb3d4 Ne5g6
22.Qf4f2 Bg7xd4
23.Be3xd4 Qd7a4
24.Kd2 Ng6e5
25.Qf2g3 Rc8d8
26.Ke3 Ne5c4
27.Be2xc4 Be6xc4
28.b3 Bc4xb3
29.Bd4f6 { resign }
1-0

[Event "Match"]
[Site "www.echecsemail.com"]
[Date "2019.10.09"]
[Round "1"]
[White "Ericleo1980"]
[Black "Roko123"]
[WhiteElo "1950"]
[BlackElo "1499"]
[Result "1-0"]
[Round "1"]
1.e4 e5
2.Ng1f3 Nb8c6
3.Bf1b5 a6
4.Bb5a4 Ng8f6
5.O-O Bf8e7
6.Rf1e1 b5
7.Ba4b3 O-O
8.a4 Bc8b7
9.d3  { time }
1-0

[Event "1/32 Finale"]
[Site "www.chess-mail.com"]
[Date "2019.10.09"]
[Round "1"]
[White "Corr"]
[Black "Reignblowcan"]
[WhiteElo "2449"]
[BlackElo "2640"]
[Result "1-0"]
[Round "1"]
1.e4 c6
2.d4 d5
3.exd5 Qd8xd5
4.Nb1c3 Qd5d8
5.Ng1f3 Bc8g4
6.Bf1e2 e6
7.h3 Bg4h5
8.g4 Bh5g6
9.h4 h6
10.Nf3e5 Bg6h7
11.Bc1f4 Ng8e7
12.Qd1d2 f6
13.Ne5c4 Ne7d5
14.Bf4g3 Bf8e7
15.g5 fxg5
16.hxg5 Be7xg5
17.Be2h5 Kf8
18.Qd2e2 Nd5f4
19.Bg3xf4 Bg5xf4
20.Qe2f3 Qd8f6
21.Nc3e2 Bf4c7
22.Qf3b3 b6
23.O-O-O g6
24.Bh5f3 Kg7
25.Rd1g1 g5
26.Nc4e5 Bc7xe5
27.dxe5 Qf6xe5
28.Rg1e1 Bh7g6
29.Ne2g3 Qe5f4
30.Kb1 Rh8e8
31.Bf3e4 Bg6f7
32.Qb3d3 { resign }
1-0

[Event "Tourn. n10186"]
[Site "www.echecsemail.com"]
[Date "2019.10.10"]
[Round "1"]
[White "Cal"]
[Black "Jjmcbride"]
[WhiteElo "1690"]
[BlackElo "1660"]
[Result "1-0"]
[Round "1"]
1.d4 d5
2.h3 Nb8c6
3.e3 e5
4.Bf1b5 e4
5.Ng1e2 Bc8d7
6.a3 Nc6a5
7.Nb1c3 Bd7xb5
8.b4 Bb5xe2
9.Qd1xe2 Na5c4
10.O-O Qd8d7
11.f3 O-O-O
12.f4 f5
13.b5 Bf8d6
14.a4 h6
15.Nc3xd5 Nc4a5
16.Bc1d2 Ng8e7
17.Bd2xa5 Ne7xd5
18.c4 Nd5b4
19.c5 Bd6xc5
20.dxc5 Nb4d3
21.Ra1d1 g5
22.fxg5 hxg5
23.b6 cxb6
24.Ba5c3 Rh8h4
25.Bc3f6 Rd8g8
26.Kh2 Qd7f7
27.Rf1xf5  { time }
1-0

[Event "Tourn. n10188"]
[Site "www.echecsemail.com"]
[Date "2019.10.10"]
[Round "1"]
[White "Jerome"]
[Black "Galiany17"]
[WhiteElo "2450"]
[BlackElo "2360"]
[Result "1-0"]
[Round "1"]
1.e4 d6
2.d4 Ng8f6
3.Nb1c3 e5
4.dxe5 dxe5
5.Qd1xd8 Kxd8
6.Ng1f3 Bf8d6
7.Bc1e3 Ke7
8.O-O-O Bc8e6
9.h3 h6
10.g4 Nb8d7
11.Nf3h4 Bd6c5
12.Nh4f5 Kf8
13.f3 a5
14.Be3xc5 Nd7xc5
15.Nf5e3 c6
16.Bf1c4 b5
17.Bc4xe6 Nc5xe6
18.a4 Ra8b8
19.h4 Ne6d4
20.Rh1f1 g5
21.h5 Ke7
22.Rf1f2 Rh8d8
23.axb5 cxb5
24.Nc3e2 Nd4xe2
25.Rf2xe2 Rd8xd1
26.Kxd1 Rb8d8
27.Re2d2 Rd8xd2
28.Kxd2 Kd7
29.Kc3 Kc6
30.b4 a4
31.Ne3f5 Nf6g8
32.Kb2 f6
33.Ka3 Kc7
34.c4 Kc6
35.cxb5 Kxb5
36.Nf5d6 Kc6
37.Nd6e8 Kb5
38.Ne8c7 Kc6
39.Nc7d5 Kb5
40.Ka2 Kc6
41.Kb2 { resign }
1-0

[Event "Tourn. n10179"]
[Site "www.echecsemail.com"]
[Date "2019.10.10"]
[Round "1"]
[White "Jerome"]
[Black "Lakeknight"]
[WhiteElo "2420"]
[BlackElo "2339"]
[Result "1-0"]
[Round "1"]
1.e4 Nb8c6
2.Ng1f3 e5
3.Bf1b5 a6
4.Bb5a4 Ng8f6
5.O-O b5
6.Ba4b3 Bf8e7
7.d4 d6
8.c3 O-O
9.h3 Bc8b7
10.Rf1e1 h6
11.Nb1d2 a5
12.Nd2f1 a4
13.Bb3c2 Rf8e8
14.Nf1g3 Bb7c8
15.Bc2d3 Ra8b8
16.d5 Nc6a7
17.Bc1e3 c5
18.Nf3d2 g5
19.b3 Bc8d7
20.bxa4 bxa4
21.Nd2c4 Qd8c7
22.Bd3c2 a3
23.Be3d2 Na7b5
24.Qd1f3 Rb8a8
25.Nc4e3 Kh7
26.Ne3f5 Bd7xf5
27.Ng3xf5 Qc7d7
28.h4 g4
29.Qf3e3 Nf6g8
30.Nf5xh6 Be7xh4
31.Nh6f5 Qd7d8
32.g3 { resign }
1-0

[Event "Tourn. n10203"]
[Site "www.echecsemail.com"]
[Date "2019.10.10"]
[Round "1"]
[White "Cal"]
[Black "Roma753"]
[WhiteElo "1880"]
[BlackElo "1709"]
[Result "0-1"]
[Round "1"]
1.d4 e6
2.a3 c5
3.dxc5 Bf8xc5
4.e3 Ng8f6
5.Nb1c3 O-O
6.b4 Bc5e7
7.Ng1f3 d5
8.Qd1d4 Nb8c6
9.h3 Nc6xd4
10.Nf3xd4 Bc8d7
11.Bf1d3 a5
12.b5 Ra8c8
13.O-O Rc8xc3
14.Bc1b2 Rc3c8
15.a4 Be7c5
16.Nd4f3 b6
17.Nf3e5 Qd8c7
18.f4 Bc5xe3
19.Kh1 d4
20.Rf1f3 Be3xf4
21.Bb2xd4 Bf4xe5
22.Bd4xe5 Qc7xe5
23.Ra1f1 Rc8c3
24.g4 Bd7c8
25.Kg2 Bc8b7
26.Rf1f2 Bb7xf3
27.Rf2xf3 Rf8d8
28.Rf3f2 Rc3a3
29.Rf2e2 Qe5d5
30.Kg3 Ra3xa4
31.Re2e3 Qd5h1
32.c3 Qh1g1
33.Kf3 Ra4a3
34.Bd3e2 a4
35.Kf4 Nf6d5
36.Ke4 Qg1xe3
{ resign }
0-1

[Event "Match"]
[Site "www.echecsemail.com"]
[Date "2019.10.10"]
[Round "1"]
[White "Said13"]
[Black "Liencam2"]
[WhiteElo "1809"]
[BlackElo "2180"]
[Result "1-0"]
[Round "1"]
1.c4 e5
2.Nb1c3 Bf8b4
3.Ng1f3 Bb4xc3
4.bxc3 Nb8c6
5.g3 Ng8f6
6.Bf1g2 Qd8e7
7.d4 exd4
8.cxd4 Qe7b4
9.Bc1d2 Qb4xc4
10.Ra1c1 Qc4xa2
11.O-O h6
12.Bd2c3 Qa2e6
13.e4 Qe6g4
14.h3 Qg4g6
15.d5 Nc6e7
16.Nf3h4 Qg6h7
17.d6 Ne7c6
18.dxc7 O-O
19.Bc3xf6 gxf6
20.Rc1c5 Nc6e5
21.f4 Ne5c6
22.Qd1d6 Qh7g7
23.Rc5h5 Rf8e8
24.Nh4f5 Re8e6
25.Qd6d1 Qg7g6
26.Rh5xh6 Qg6xh6
27.Nf5xh6 { resign }
1-0

[Event "Tourn. n10203"]
[Site "www.echecsemail.com"]
[Date "2019.10.10"]
[Round "1"]
[White "Iko"]
[Black "Cal"]
[WhiteElo "1800"]
[BlackElo "1870"]
[Result "0-1"]
[Round "1"]
1.e4 e5
2.Ng1f3 d6
3.Bf1d3 a6
4.O-O h6
5.Rf1e1 Bc8g4
6.Bd3c4 c6
7.Re1e3 Ng8f6
8.h3 Bg4h5
9.g4 Bh5g6
10.b3 b5
11.Bc4d3 Nb8d7
12.a4 b4
13.Qd1e2 Bf8e7
14.Bd3xa6 Nd7c5
15.Ba6c4 O-O
16.d4 exd4
17.Nf3xd4 Nc5xe4
18.Nd4xc6 Qd8d7
19.Bc1b2 Qd7xc6
20.Nb1d2 d5
21.Bc4b5 Qc6d6
22.f3 Ne4g3
23.c3 Ng3xe2
24.Re3xe2 Qd6g3
25.Kh1 Be7d6
26.cxb4 Qg3xh3
27.Re2h2 Qh3xh2

0-1

[Event "Tourn. n10189"]
[Site "www.echecsemail.com"]
[Date "2019.10.10"]
[Round "1"]
[White "Scasan55"]
[Black "Bojan"]
[WhiteElo "1980"]
[BlackElo "1980"]
[Result "1-0"]
[Round "1"]
1.e4 e5
2.Ng1f3 d6
3.h3 h6
4.Bf1c4 a6
5.a4 Ng8f6
6.d3 Nf6h7
7.Nb1c3 c6
8.Bc1e3 Bf8e7
9.O-O Nb8d7
10.d4 exd4
11.Be3xd4 O-O
12.a5 Nh7g5
13.Nf3xg5 Be7xg5
14.f4 Bg5h4
15.Qd1g4 Bh4f6
16.Bd4xf6 Qd8xf6
17.Ra1d1 Nd7b6
18.Qg4e2 Nb6xc4
19.Qe2xc4 Qf6e7
20.Rd1d2 Ra8b8
21.Rf1d1 Rf8d8
22.Qc4b4 c5
23.Qb4c4 Bc8e6
24.Qc4e2 f6
25.f5 Be6d7
26.Rd2xd6 Bd7c6
27.Rd6xd8 Rb8xd8
28.Rd1xd8 Qe7xd8
29.Qe2d3 Qd8xa5
30.b3 b5
31.Nc3d5 Qa5a1
32.Kh2 Qa1e5
33.Kg1 a5
34.c4 b4
35.Qd3e3 Qe5d6
36.Qe3d3 a4
37.bxa4 Bc6xa4
38.Nd5xb4 Qd6e7
39.Qd3d5 Kh7
40.Nb4d3 Ba4c2
41.Nd3xc5 g5
42.fxg6 Kxg6
43.Qd5f5 Kg7
44.Qf5d5 Kg6
45.Kf2 Bc2b1
46.h4 f5
47.Qd5xf5 Kg7
48.Nc5e6 Kh8
49.Qf5e5 Kg8
50.Qe5b8 Kh7
51.Qb8xb1 Qe7xe6
52.Qb1d3 Qe6f6
53.Kg3 Qf6e5
54.Kh3 Qe5e6
55.Kh2 Qe6e5
56.g3 Kg6
57.Qd3d5 Qe5b2
58.Kh3 Qb2e2
59.Qd5f5 Kg7
60.c5 Qe2b5
61.h5 Kg8
62.Qf5g6 Kf8
63.Qg6xh6 Kg8
64.Qh6g5 Kf8
65.Qg5f5 Ke8
66.Kh4 Qb5e2
67.h6 Qe2h2
68.Qf5h3 Qh2c2
69.Qh3e6 Kf8
70.Qe6f5 Ke7
71.Kg5 Qc2d3
72.g4 Qd3e3
73.Kg6 Qe3b3
74.h7 Qb3b8
75.Qf5f7 { resign }
1-0